| 000 | 00600nam a2200193 a 4500 | ||
|---|---|---|---|
| 005 | 20140310183540.0 | ||
| 008 | 110801s19uu xx 00 eng d | ||
| 020 | _a9780738607856 | ||
| 050 |
_aPC 2119 _b.K63 2010 |
||
| 100 | _aKnauer, Ellen Valtri | ||
| 245 |
_aAP French language. / _cEllen Knauer |
||
| 250 | _a2nd | ||
| 260 |
_aNew Jersey : _bResearch & education Association, _c2010. |
||
| 300 |
_a598 p. : _c25 cm. |
||
| 650 | _aFrench language- Examinations-Study guides. | ||
| 650 | _aFrench language-Textbooks for foreign speakers-English. | ||
| 942 |
_cBK _2lcc _kFOR |
||
| 999 |
_c24786 _d24786 |
||